Riquezas

Gespeichert in:
Bibliographische Detailangaben
1. Verfasser: Michael, Judith
Format: Buch
Sprache:Undetermined
Veröffentlicht: Barcelona, España Planeta 1988
Schlagworte:
Tags: Tag hinzufügen
Keine Tags, Fügen Sie den ersten Tag hinzu!

MARC

LEADER 00000nam a2200000Ia 4500
008 170316s9999 xx 000 0 und d
040 |a cru BVZT 
090 |a 810 M-37r 
100 |a Michael, Judith 
245 |a Riquezas 
260 |a Barcelona, España 
260 |b Planeta 
260 |c 1988 
300 |a 512 páginas 
650 |a LITERATURA ESTADOUNIDENSE 
999 |c 5930  |d 5930 
942 |c 15 D  |h 810 M-37r  |2 z